Epic Rap Battles of History: ALL Characters Quiz Stats

Quiz not verified by Sporcle

Also try: Famous Macs
Challenge
Share
Tweet
Embed
Score 0/126 Timer 08:00
0 Plays Today
% Correct
Adolf Hitler
86.4%
Darth Vader
85.2%
Adolf Hitler
84.3%
Darth Vader
84.3%
Darth Vader
84.3%
Adolf Hitler
80.2%
John Lennon
76.9%
Abraham Lincoln
69.4%
Albert Einstein
69.4%
Abraham Lincoln
69.4%
Lady GaGa
68.6%
Stephen Hawking
68.6%
Stephen Hawking
68.6%
Abraham Lincoln
67.9%
Stephen Hawking
67.9%
Chuck Norris
66.9%
Sarah Palin
66.9%
Bill O'Reilly
65.3%
Hulk Hogan
61.2%
Justin Bieber
59.5%
Kim Jong-Il
58.7%
'Macho Man' Randy Savage
58.7%
Stormtrooper
58%
Ludwig van Beethoven
57.9%
NicePeter
57%
EpicLLOYD
56.2%
'Homeboy in Israel'
55.4%
Theodore 'Dr. Seuss' Geisel
55.4%
Mr. T
55.4%
William Shakespeare
54.5%
Mr. Rogers
53.7%
Easter Bunny
52.9%
Thing 1
52.9%
Stormtrooper
52.9%
Thing 2
52.1%
Mario Mario
52.1%
The Cat in the Hat
50.4%
Barack Obama
50.4%
Genghis Khan
49.6%
Orville Wright
48.8%
Carl Sagan
47.9%
Mitt Romney
47.9%
% Correct
Luigi Mario
47.1%
John McCain
46.3%
James Tiberius Kirk
46.3%
Moses
46.2%
Cleopatra
45.5%
Santa Claus
45.2%
Eve
45.2%
Billy Mays
44.6%
Christopher Columbus
44.6%
Marilyn Monroe
44.6%
Joseph Stalin
44.4%
Adam
44.2%
Napoleon Dynamite
43.8%
Napoleon Bonaparte
43.8%
Benjamin Franklin
43.8%
Master Chief
43.8%
Johann Sebastian Bach
43%
10th Doctor
42.1%
Grigori Rasputin
41.4%
Vladimir Putin
41.4%
KassemG
41.3%
Leonidas
41.3%
KassemG
41.3%
Steve Jobs
41.3%
Bill Gates
41.3%
Doc Brown
41.3%
4th Doctor
41.3%
Elvis Presley
40.5%
Batman
40.2%
Michael Jackson
39.7%
Sherlock Holmes
37.5%
Gandalf
37.2%
Dumbledore
37.2%
Boba Fett
37%
Steve
36.5%
Martin Luther King, Jr.
36.5%
Vladimir Lenin
36.4%
Robin
35.7%
Wilbur Wright
35.5%
John 'Hannibal' Smith
34.7%
Gandhi
34.6%
Watson
33.9%
% Correct
Vince Offer
33.9%
Templeton 'Faceman' Peck
33.9%
Bruce Lee
32.5%
Mr. McFeeley
31.4%
Princess Peach
31.4%
Wolfgang Amadeus Mozart
30.8%
George Washington
30.6%
H. M. 'Howlin' Mad' Murdock
29.8%
Marty McFly
29.8%
Mikhail Gorbachev
29.3%
Spock
28.9%
Frank Sinatra
28.9%
Freddie Mercury
28.9%
Skrillex
28.8%
Clint Eastwood
28.1%
Elves
27.9%
HAL 9000
27.3%
Blackbeard
27.2%
Al Capone
27.2%
Sulu
26.4%
Jesus Christ
24.8%
Jesus Quintana
24.8%
A man named Jesus
24.8%
John F. Kennedy
24%
Nikola Tesla
23.1%
Babe Ruth
23.1%
Thomas Edison
22.1%
Gilderoy Lockhart
21.5%
Lance Armstrong
19.2%
Marlon Brando
19%
Sammy Davis
18.2%
Dalek
18.2%
Gorgo
16.5%
Moses' Honeys
15.4%
Spartans
14.9%
Tootie
14.9%
Edward Kenway
14.8%
Mikhail Baryshnikov
14.1%
Hot Alien
14%
Lando Calrissian
13.6%
Six Year Old Son
12.4%
Mustached Cowboy
12.3%

You're not logged in!

Compare scores with friends on all Sporcle quizzes.
Sign Up with Email
OR
Log In

You Might Also Like...

Show Comments

Extras

Top Quizzes Today


Score Distribution

Your Account Isn't Verified!

In order to create a playlist on Sporcle, you need to verify the email address you used during registration. Go to your Sporcle Settings to finish the process.

Report this User

Report this user for behavior that violates our Community Guidelines.

Details: